[Event "TCh-TUR Super League 2014"]
[Site "Kocaeli TUR"]
[Date "2014.08.23"]
[Round "7.2"]
[Board "2"]
[White "Filippov, Anton UZB"]
[Black "Can, Emre"]
[Result "1/2-1/2"]
[WhiteTitle "GM"]
[BlackTitle "GM"]
[WhiteElo "2615"]
[BlackElo "2529"]
[WhiteTeam "Akdeniz Belediyesi Spor Kulubu"]
[BlackTeam "Istanbul Teknik Universitesi Socar – K.N.I."]
[WhiteFideId "14200988"]
[BlackFideId "6302181"]
[EventDate "2014.08.18"]

1. e4 c5 2. Nf3 d6 3. Bc4 Nc6 4. d3 g6 5. h3 Bg7 6. O-O Nf6 7. Nc3 O-O 8. a3 a6
9. Nd5 b5 10. Ba2 Nxd5 11. exd5 Nd4 12. Nd2 e5 13. c3 Nf5 14. b4 cxb4 15. axb4
a5 16. bxa5 Rxa5 17. Ne4 Bb7 18. Bg5 Qa8 19. Bb3 h6 20. Rxa5 Qxa5 21. Bd2 Qa8
22. c4 bxc4 23. dxc4 Qa3 24. Bc1 Qb4 25. Bd2 Qa3 26. Bc1 Qb4 27. Bd2 Qa3 28. Bc1 1/2-1/2

[Event "TCh-TUR Super League 2014"]
[Site "Kocaeli TUR"]
[Date "2014.08.23"]
[Round "7.2"]
[Board "3"]
[White "Ipatov, Alexander"]
[Black "Annaberdiev, Meilis"]
[Result "1-0"]
[WhiteTitle "GM"]
[BlackTitle "IM"]
[WhiteElo "2614"]
[BlackElo "2439"]
[WhiteTeam "Istanbul Teknik Universitesi Socar – K.N.I."]
[BlackTeam "Akdeniz Belediyesi Spor Kulubu"]
[WhiteFideId "14116731"]
[BlackFideId "14000563"]
[EventDate "2014.08.18"]

1. c4 e5 2. Nc3 Nc6 3. Nf3 g6 4. d4 exd4 5. Nxd4 Bg7 6. Nxc6 bxc6 7. g3 Ne7 8.
Bg2 O-O 9. O-O Rb8 10. Qa4 d6 11. Qxa7 Be6 12. Qa4 Ra8 13. Qc2 Bxc4 14. Bg5 f6
15. Bf4 Bf7 16. Rad1 Qb8 17. b3 Ra6 18. h4 Re8 19. Rfe1 Qb4 20. Bd2 Qc5 21. Qd3
Qa7 22. Bc1 Rb8 23. Bb2 Rxa2 24. Nxa2 Qxa2 25. Bc3 Qa7 26. b4 Nd5 27. Bxd5 Bxd5
28. e4 Be6 29. Bd4 Qb7 30. Qc3 Kf7 31. Rc1 Bd7 32. Qc4+ Ke7 33. Bc3 Be6 34. Qd4
Ra8 35. Ra1 Ra6 36. Qd3 Rxa1 37. Rxa1 Qb5 38. Qxb5 cxb5 39. Ra5 Bd7 40. Bd4 h5
41. Ra7 c6 42. Kf1 Ke6 43. Ke2 Ke7 44. Kd3 Ke6 45. f3 d5 46. exd5+ cxd5 47. g4
hxg4 48. fxg4 Bf8 49. Ra6+ 1-0

[Event "TCh-TUR Super League 2014"]
[Site "Kocaeli TUR"]
[Date "2014.08.23"]
[Round "7.2"]
[Board "4"]
[White "Annaberdiyev, Babageldi"]
[Black "Gurevich, Mikhail"]
[Result "0-1"]
[WhiteTitle "FM"]
[BlackTitle "GM"]
[WhiteElo "2238"]
[BlackElo "2571"]
[WhiteTeam "Akdeniz Belediyesi Spor Kulubu"]
[BlackTeam "Istanbul Teknik Universitesi Socar – K.N.I."]
[WhiteFideId "14000385"]
[BlackFideId "200930"]
[EventDate "2014.08.18"]

1. e4 e6 2. d4 d5 3. Nc3 Nf6 4. Bg5 dxe4 5. Nxe4 Be7 6. Bxf6 Bxf6 7. Nf3 Nd7 8.
Bd3 Qe7 9. O-O O-O 10. Qe2 b6 11. c3 Bb7 12. Rfe1 c5 13. dxc5 Nxc5 14. Nxc5 Qxc5
15. Be4 Bxe4 16. Qxe4 Rad8 17. Rad1 Qb5 18. Qc2 Rd5 19. Rxd5 Qxd5 20. Qb3 Rd8
21. Qxd5 Rxd5 22. Kf1 Kf8 23. Rb1 Rb5 24. Nd2 h5 25. Ke2 g5 26. h3 g4 27. hxg4
hxg4 28. a4 Ra5 29. Ra1 b5 30. Ne4 Be7 31. b4 Rxa4 32. Rxa4 bxa4 33. Kd3 f5 34.
Nd2 a3 35. Kc2 a2 36. Kb2 Bf6 37. Nb3 Ke7 38. Kxa2 Bxc3 39. Na5 Kd6 40. Kb3 Be1
41. f3 gxf3 42. gxf3 Kd5 43. Nc4 Kd4 44. Nd6 Ke3 45. Nb5 a5 46. bxa5 Bxa5 47.
Kc4 Bb6 0-1

[Event "TCh-TUR Super League 2014"]
[Site "Kocaeli TUR"]
[Date "2014.08.23"]
[Round "7.2"]
[Board "5"]
[White "Deruni, Berc"]
[Black "Dogan, Nazmi Can"]
[Result "1/2-1/2"]
[WhiteElo "2125"]
[BlackElo "2135"]
[WhiteTeam "Istanbul Teknik Universitesi Socar – K.N.I."]
[BlackTeam "Akdeniz Belediyesi Spor Kulubu"]
[WhiteFideId "6302173"]
[BlackFideId "6309658"]
[EventDate "2014.08.18"]

1. d4 Nf6 2. c4 g6 3. Nc3 Bg7 4. e4 d6 5. f3 O-O 6. Be3 c5 7. Nge2 Nc6 8. d5 Ne5
9. Ng3 e6 10. Be2 exd5 11. cxd5 Nh5 12. f4 Nxg3 13. hxg3 Nd7 14. O-O f5 15. exf5
gxf5 16. g4 Nf6 17. gxf5 Bxf5 18. Bf3 Qd7 19. Qd2 Ng4 20. Bxg4 Bxg4 21. Rae1
Rae8 22. Bf2 Bf5 23. Ne2 Qb5 24. Nc3 Qc4 25. Rxe8 Rxe8 26. Re1 Rxe1+ 27. Bxe1
Bf6 28. Bf2 Bg7 29. Be1 Bf6 30. Bf2 Kf7 31. a3 a6 32. Nd1 Qb3 33. Ne3 Bd7 34.
Qe2 Qa4 35. Qh5+ Kg7 36. Nf5+ Bxf5 37. Qxf5 Qd1+ 38. Kh2 Qe2 39. Qd7+ Kh6 40.
Qxd6 Qh5+ 41. Kg1 Qd1+ 42. Kh2 Qh5+ 1/2-1/2

[Event "TCh-TUR Super League 2014"]
[Site "Kocaeli TUR"]
[Date "2014.08.23"]
[Round "7.2"]
[Board "6"]
[White "Yildiz, Betul Cemre"]
[Black "Asan, Elvan"]
[Result "1-0"]
[WhiteTitle "WGM"]
[WhiteElo "2296"]
[BlackElo "1821"]
[WhiteTeam "Akdeniz Belediyesi Spor Kulubu"]
[BlackTeam "Istanbul Teknik Universitesi Socar – K.N.I."]
[WhiteFideId "6302920"]
[BlackFideId "6312209"]
[EventDate "2014.08.18"]

1. e4 c6 2. d4 d5 3. Nc3 dxe4 4. Nxe4 Nf6 5. Nxf6+ gxf6 6. c3 Bf5 7. Nf3 Qc7 8.
g3 e6 9. Bg2 Nd7 10. O-O Bd6 11. Bh6 O-O-O 12. b4 Rhg8 13. Qe2 Rde8 14. Nh4 Bg4
15. Qd2 e5 16. c4 exd4 17. c5 Be7 18. Bf4 Ne5 19. Qxd4 Rd8 20. Qe4 Be6 21. Rfe1
Qd7 22. Nf3 Nxf3+ 23. Bxf3 Bd5 24. Qe2 Rge8 25. Bxd5 Qxd5 26. Rad1 Qf5 27. Rxd8+
Kxd8 28. Rd1+ Kc8 29. Rd4 Qe6 30. Re4 Qd7 31. h4 Kd8 32. Re3 Kc8 33. Kh2 a6 34.
a3 f5 35. Bg5 Bxg5 36. Rxe8+ Bd8 37. Rh8 f6 38. Qh5 f4 39. gxf4 Qd4 40. Qf5+ Kb8
41. Kg2 h5 42. Rxh5 Bc7 43. Rh8+ Ka7 44. Re8 1-0

[Event "TCh-TUR Super League 2014"]
[Site "Kocaeli TUR"]
[Date "2014.08.23"]
[Round "7.2"]
[Board "7"]
[White "Artemiev, Vladislav"]
[Black "Koksal, Ege"]
[Result "1-0"]
[WhiteTitle "GM"]
[BlackTitle "CM"]
[WhiteElo "2650"]
[BlackElo "2219"]
[WhiteTeam "Istanbul Teknik Universitesi Socar – K.N.I."]
[BlackTeam "Akdeniz Belediyesi Spor Kulubu"]
[WhiteFideId "24101605"]
[BlackFideId "6317626"]
[EventDate "2014.08.18"]

1. e4 e5 2. Nf3 Nc6 3. Bb5 a6 4. Ba4 Nf6 5. d3 b5 6. Bb3 Be7 7. a4 b4 8. Nbd2 d6
9. a5 O-O 10. O-O Bg4 11. h3 Be6 12. Nc4 Rb8 13. Be3 h6 14. Re1 Nh7 15. d4 exd4
16. Nxd4 Nxd4 17. Bxd4 Rb5 18. Qd3 Bf6 19. Be3 Ng5 20. Ba4 Rb8 21. Bc6 Bc8 22.
Ba7 Bb7 23. Bxb8 Bxc6 24. e5 Bxe5 25. Nxe5 Bb5 26. Qd5 Qxb8 27. Nc6 Bxc6 28.
Qxc6 Qc8 29. Rad1 Ne6 30. Re4 b3 31. cxb3 Qa8 32. Rc4 Rb8 33. Qxa8 Rxa8 34. f4
g6 35. g4 Ra7 36. f5 gxf5 37. gxf5 Nc5 38. b4 Nd7 39. Rdc1 c5 40. Rd1 Ne5 41.
Rf4 Rd7 42. bxc5 dxc5 43. Rxd7 Nxd7 44. Re4 Kf8 45. Re3 Nf6 46. Rb3 Nd5 47. Rb6
Nb4 48. Rxh6 1-0

[Event "TCh-TUR Super League 2014"]
[Site "Kocaeli TUR"]
[Date "2014.08.23"]
[Round "7.2"]
[Board "8"]
[White "Aslan, Cagla Yaren"]
[Black "Abdumalik, Zhansaya"]
[Result "0-1"]
[BlackTitle "WGM"]
[WhiteElo "1760"]
[BlackElo "2333"]
[WhiteTeam "Akdeniz Belediyesi Spor Kulubu"]
[BlackTeam "Istanbul Teknik Universitesi Socar – K.N.I."]
[WhiteFideId "6324878"]
[BlackFideId "13703544"]
[EventDate "2014.08.18"]

1. e4 e6 2. d3 d5 3. Nd2 Nf6 4. g3 b6 5. Bg2 Bb7 6. Qe2 dxe4 7. Nxe4 Nc6 8. c3
Be7 9. Nf3 Nxe4 10. dxe4 a5 11. Bf4 Ba6 12. Qd2 Qxd2+ 13. Nxd2 e5 14. Be3 a4 15.
f4 exf4 16. Bxf4 O-O-O 17. O-O-O a3 18. Bf1 Bb7 19. b3 Rhe8 20. Kc2 g5 21. Be3
f5 22. Bc4 fxe4 23. Be6+ Kb8 24. Bf5 Bf6 25. Rhe1 h6 26. Nxe4 Rxe4 27. Rxd8+
Nxd8 28. Bxe4 Bxe4+ 29. Kd2 Bd5 30. c4 Bg8 31. h4 Kb7 32. hxg5 hxg5 33. Rf1 Be7
34. Kc3 Nc6 35. Rf5 Bb4+ 36. Kd3 Bh7 37. Ke4 Be7 38. g4 Nb4 39. Ke5 Bxf5 40.
gxf5 Nxa2 41. f6 Bxf6+ 42. Kxf6 Nb4 43. Kxg5 Nc2 44. Bc1 a2 0-1

[Event "TCh-TUR Super League 2014"]
[Site "Kocaeli TUR"]
[Date "2014.08.23"]
[Round "7.2"]
[Board "9"]
[White "Sanal, Vahap"]
[Black "Acar, Utku Cengiz"]
[Result "1-0"]
[WhiteTitle "IM"]
[WhiteElo "2473"]
[BlackElo "1815"]
[WhiteTeam "Istanbul Teknik Universitesi Socar – K.N.I."]
[BlackTeam "Akdeniz Belediyesi Spor Kulubu"]
[WhiteFideId "6300545"]
[BlackFideId "6358900"]
[EventDate "2014.08.18"]

1. e4 c5 2. Nf3 e6 3. d4 cxd4 4. Nxd4 Nf6 5. Nc3 Nc6 6. Ndb5 Bb4 7. a3 Bxc3+ 8.
Nxc3 d5 9. exd5 exd5 10. Bd3 O-O 11. O-O d4 12. Ne4 h6 13. Qf3 Ng4 14. Qg3 Kh8
15. Bf4 Qd5 16. c4 dxc3 17. Nxc3 Qh5 18. Rad1 Nd4 19. h3 Nf6 20. Be5 Nf5 21. Qf4
Qg5 22. Qh2 Nh4 23. f4 Qh5 24. Ne2 Ng6 25. Bd6 Re8 26. f5 Rxe2 27. Bxe2 Qxe2 28.
fxg6 fxg6 29. Qe5 Qxe5 30. Bxe5 Nd7 31. Bc3 Kg8 32. Rd6 Nf6 33. Bxf6 gxf6 34.
Rd8+ Kf7 35. Rc1 1-0

[Event "TCh-TUR Super League 2014"]
[Site "Kocaeli TUR"]
[Date "2014.08.23"]
[Round "7.2"]
[Board "10"]
[White "Temel, Burcu Melis"]
[Black "Hereklioglu, Sude"]
[Result "1-0"]
[BlackTitle "WCM"]
[WhiteElo "1753"]
[BlackElo "1846"]
[WhiteTeam "Akdeniz Belediyesi Spor Kulubu"]
[BlackTeam "Istanbul Teknik Universitesi Socar – K.N.I."]
[WhiteFideId "6345492"]
[BlackFideId "6359531"]
[EventDate "2014.08.18"]

1. e4 c5 2. Nf3 e6 3. d3 a6 4. Nbd2 b5 5. g3 Bb7 6. Bg2 Nf6 7. O-O Be7 8. Re1
O-O 9. Nf1 d5 10. e5 Ne8 11. h4 Nc7 12. N1h2 Nd7 13. Bf4 Nb6 14. Ng5 h6 15. Nh3
f5 16. exf6 Bxf6 17. c3 b4 18. Ng4 Nb5 19. Nxf6+ Qxf6 20. Be5 Qf7 21. cxb4 cxb4
22. Qg4 Nd7 23. Bf4 Qf5 24. Qxf5 exf5 25. Re7 Rad8 26. Rae1 Ba8 27. Bd2 Nc5 28.
Nf4 g5 29. hxg5 hxg5 30. Ne6 Nxe6 31. R1xe6 Rd6 32. Bxb4 Rxe6 33. Rxe6 Nd4 34.
Rxa6 Rb8 35. Rxa8 1-0

[Event "TCh-TUR Super League 2014"]
[Site "Kocaeli TUR"]
[Date "2014.08.23"]
[Round "7.3"]
[Board "2"]
[White "Benidze, Davit"]
[Black "Onischuk, Vladimir"]
[Result "1-0"]
[WhiteTitle "GM"]
[BlackTitle "GM"]
[WhiteElo "2458"]
[BlackElo "2593"]
[WhiteTeam "Kahramanmaras Buyuksehir Belediyesi Spor Kulubu"]
[BlackTeam "Ankara Demirspor Kulubu"]
[WhiteFideId "13603086"]
[BlackFideId "14114038"]
[EventDate "2014.08.18"]

1. Nf3 Nf6 2. g3 g6 3. Bg2 Bg7 4. O-O O-O 5. c4 d6 6. Nc3 e5 7. d3 Nc6 8. Rb1 a5
9. Bg5 h6 10. Bxf6 Bxf6 11. Nd2 Bg7 12. a3 h5 13. h4 Bg4 14. Bf3 Bf5 15. c5 dxc5
16. Bxc6 bxc6 17. Nce4 Bg4 18. Kh2 a4 19. f3 Bc8 20. Nxc5 g5 21. hxg5 Qxg5 22.
Qe1 Bh6 23. Nc4 Qe7 24. Qf2 h4 25. gxh4 f6 26. Ne4 Kf7 27. Rg1 Rh8 28. Kg2 Bf4
29. Kf1 Bh3+ 30. Ke1 Rag8 31. Rxg8 Rxg8 32. Kd1 Rg2 33. Qa7 Rh2 34. Qxa4 Bf1 35.
Nc3 Qd7 36. Nd2 Bh3 37. Kc2 Bf5 38. Nde4 Rxh4 39. Nc5 Qd4 40. Qxc6 Rh2 41. N5e4
Be6 42. Qxc7+ Kf8 43. Re1 f5 44. Nd6 Bg5 45. Qc6 Kg7 46. Ndb5 Qd7 47. Qc5 Kf6
48. Rg1 Rh8 49. Nd6 Bf4 50. e3 Rh2+ 51. Kb1 Bxe3 52. Nce4+ fxe4 53. Nxe4+ Kf7
54. Qxe3 Bb3 55. Qg5 Qxd3+ 56. Ka1 Qxf3 57. Qg7+ 1-0

[Event "TCh-TUR Super League 2014"]
[Site "Kocaeli TUR"]
[Date "2014.08.23"]
[Round "7.3"]
[Board "3"]
[White "Baklan, Vladimir"]
[Black "Dastan, Muhammed Batuhan"]
[Result "1/2-1/2"]
[WhiteTitle "GM"]
[BlackTitle "IM"]
[WhiteElo "2655"]
[BlackElo "2432"]
[WhiteTeam "Ankara Demirspor Kulubu"]
[BlackTeam "Kahramanmaras Buyuksehir Belediyesi Spor Kulubu"]
[WhiteFideId "14102196"]
[BlackFideId "6300014"]
[EventDate "2014.08.18"]

1. e4 e5 2. Nf3 Nc6 3. Bb5 a6 4. Ba4 Nge7 5. Bb3 Ng6 6. d4 exd4 7. Nxd4 Be7 8.
c3 d6 9. O-O O-O 10. f4 Bf6 11. Be3 Na5 12. Bc2 Nc4 13. Bc1 b5 14. a4 Bb7 15.
Nf5 Ne7 16. Ng3 g6 17. b3 Nb6 18. f5 Nc6 19. Bh6 Re8 20. axb5 axb5 21. Rxa8 Bxa8
22. Bd3 b4 23. cxb4 Nxb4 24. Bb5 Re5 25. Na3 Bxe4 26. Nxe4 Rxe4 27. Qf3 Rh4 28.
Bd2 N4d5 29. fxg6 hxg6 30. Nc4 Bd4+ 31. Kh1 Qf6 32. Qxf6 Nxf6 33. Nxb6 Ng4 34.
h3 Bxb6 35. Be1 Rh5 36. Bc4 d5 37. Be2 Ne3 38. Bxh5 Nxf1 39. Be2 Ne3 40. g4 Nc2
41. Bc3 Bd4 42. Ba5 Bb6 43. Bc3 Bd4 44. Ba5 Bb6 45. Bc3 1/2-1/2

[Event "TCh-TUR Super League 2014"]
[Site "Kocaeli TUR"]
[Date "2014.08.23"]
[Round "7.3"]
[Board "4"]
[White "Isik, Engin Yasar"]
[Black "Keler, Faruk"]
[Result "0-1"]
[WhiteElo "2232"]
[BlackElo "2242"]
[WhiteTeam "Kahramanmaras Buyuksehir Belediyesi Spor Kulubu"]
[BlackTeam "Ankara Demirspor Kulubu"]
[WhiteFideId "6301886"]
[BlackFideId "6302734"]
[EventDate "2014.08.18"]

1. e4 c5 2. Nf3 d6 3. d4 cxd4 4. Nxd4 Nf6 5. Nc3 a6 6. Bc4 e6 7. Bb3 b5 8. O-O
Be7 9. Qf3 Qb6 10. Be3 Qb7 11. Qg3 O-O 12. Bh6 Ne8 13. Rfe1 Bd7 14. Rad1 Nc6 15.
Bg5 Nf6 16. Nxc6 Bxc6 17. Bxf6 Bxf6 18. Rxd6 b4 19. Na4 Be7 20. Rd4 Rad8 21. c3
Rxd4 22. cxd4 Qd7 23. Nc5 Qxd4 24. Nxa6 Rc8 25. Qe3 Qxe3 26. fxe3 Bb7 27. Nxb4
Bxb4 28. Rd1 Bc5 29. Kf2 Bxe4 30. Rd2 Be7 31. Bd1 Rd8 32. Rxd8+ Bxd8 33. b4 Be7
34. b5 Bc5 35. a4 Bb6 0-1

[Event "TCh-TUR Super League 2014"]
[Site "Kocaeli TUR"]
[Date "2014.08.23"]
[Round "7.3"]
[Board "5"]
[White "Tuncer, Ufuk"]
[Black "Erden, Kadir"]
[Result "1/2-1/2"]
[WhiteTitle "FM"]
[WhiteElo "2341"]
[BlackElo "2220"]
[WhiteTeam "Ankara Demirspor Kulubu"]
[BlackTeam "Kahramanmaras Buyuksehir Belediyesi Spor Kulubu"]
[WhiteFideId "6300847"]
[BlackFideId "6305776"]
[EventDate "2014.08.18"]

1. Nf3 c5 2. e4 e6 3. d4 cxd4 4. Nxd4 Nf6 5. Nc3 Nc6 6. a3 d5 7. Bb5 Bd7 8. exd5
exd5 9. O-O Be7 10. Bg5 O-O 11. Nb3 a6 12. Bd3 Be6 13. Ne2 Qc7 14. Bf4 Qb6 15.
Be3 Qc7 16. h3 Ne5 17. Nbd4 Nxd3 18. Qxd3 Rfe8 19. Bf4 Bd6 20. Bxd6 Qxd6 21. Qg3
Qb6 22. Qb3 Qc7 23. Rfe1 Re7 24. Qc3 Qxc3 25. Nxc3 Rae8 26. f3 Bd7 27. Rxe7 Rxe7
28. Kf2 Kf8 29. Rd1 h6 30. g4 Re5 31. Rd3 g6 32. Nd1 Re8 33. Ne3 Ke7 34. h4 Bc6
35. Ne2 Rd8 36. Rd4 Ne8 37. h5 Nc7 38. hxg6 fxg6 39. Nf4 g5 40. Ne2 Kf6 41. Rd1
Ne6 42. Rh1 Rh8 43. Ng3 Nf4 44. Nef5 Kg6 45. Nh5 Nxh5 46. Rxh5 Rh7 47. Nd4 Bd7
48. Kg3 Re7 49. Rh1 Re5 50. Kf2 Re7 51. b3 Re5 52. a4 Re7 53. Ne2 Rf7 54. Ke3
Re7+ 55. Kd2 Rf7 56. Nd4 a5 57. Ke3 Re7+ 58. Kf2 Re8 59. Ne2 Rf8 60. Ke3 Re8+
61. Kd2 Rf8 62. Nd4 Re8 63. c3 Rf8 64. Rh3 Rh8 65. Nc2 Kf6 66. Ne1 b5 67. axb5
Bxb5 68. Nc2 Ke5 69. Nd4 Bd7 70. Rh1 Kd6 71. Ra1 h5 72. gxh5 Rxh5 73. Rxa5 g4
74. Ra6+ Kc7 75. fxg4 Bxg4 76. Nb5+ Kd7 77. Rg6 Bh3 78. Rg3 Rh6 79. Nd4 Kd6 80.
Ke3 Bd7 81. Rg7 Rh3+ 82. Kd2 Rh2+ 83. Kd3 Rh3+ 84. Kc2 Rh2+ 85. Kb1 Rf2 86. Kc1
Rh2 87. Rg6+ Kc5 88. Rf6 Rg2 89. Nc2 Rg1+ 90. Kd2 Rg2+ 91. Kd3 Bb5+ 92. c4 1/2-1/2

[Event "TCh-TUR Super League 2014"]
[Site "Kocaeli TUR"]
[Date "2014.08.23"]
[Round "7.3"]
[Board "6"]
[White "Isgandarova, Khayala"]
[Black "Gyokbulut, Julia"]
[Result "1/2-1/2"]
[WhiteTitle "WIM"]
[BlackTitle "WFM"]
[WhiteElo "2190"]
[BlackElo "2098"]
[WhiteTeam "Kahramanmaras Buyuksehir Belediyesi Spor Kulubu"]
[BlackTeam "Ankara Demirspor Kulubu"]
[WhiteFideId "13401823"]
[BlackFideId "4153979"]
[EventDate "2014.08.18"]

1. e4 c5 2. Nf3 e6 3. d4 cxd4 4. Nxd4 a6 5. Bd3 Nf6 6. O-O d6 7. Nc3 Be7 8. Kh1
Qc7 9. f4 Nc6 10. Nf3 b5 11. Qe2 Bb7 12. a4 b4 13. Nd1 h5 14. Bd2 d5 15. Nf2
dxe4 16. Nxe4 h4 17. f5 Ng4 18. c3 exf5 19. Nc5 g6 20. Nxb7 Qxb7 21. h3 Nf6 22.
Bg5 Kf8 23. Bxh4 Nd5 24. Bxe7+ Qxe7 25. Qxe7+ Ncxe7 26. cxb4 Nxb4 27. Bc4 Nc2
28. Rac1 Ne3 29. Rfe1 f4 30. Ng5 Rh5 31. Ne4 Re5 32. Nf6 Kg7 33. Ng4 Nxg4 34.
hxg4 f6 35. Bd3 Ra7 36. b4 Rxe1+ 37. Rxe1 Nd5 38. b5 axb5 39. axb5 Ne3 40. Rb1
Rb7 41. Rb4 g5 42. Kg1 Rb6 43. Be2 f5 44. gxf5 Kf6 45. Ra4 Kxf5 46. Kf2 g4 47.
g3 Nd5 48. Bd3+ Kg5 49. Rd4 fxg3+ 50. Kxg3 Nf6 51. Rd8 Rb7 52. Be2 Ne4+ 53. Kg2
Nc3 54. Rg8+ Kf6 55. Bxg4 Rxb5 56. Bf3 1/2-1/2

[Event "TCh-TUR Super League 2014"]
[Site "Kocaeli TUR"]
[Date "2014.08.23"]
[Round "7.3"]
[Board "7"]
[White "Yuksel, Atilla Koksal"]
[Black "Javakhadze, Zurab"]
[Result "0-1"]
[WhiteTitle "CM"]
[BlackTitle "IM"]
[WhiteElo "2107"]
[BlackElo "2423"]
[WhiteTeam "Ankara Demirspor Kulubu"]
[BlackTeam "Kahramanmaras Buyuksehir Belediyesi Spor Kulubu"]
[WhiteFideId "6306667"]
[BlackFideId "13603647"]
[EventDate "2014.08.18"]

1. e4 g6 2. d4 Bg7 3. Nc3 c6 4. Nf3 d6 5. Be3 Bg4 6. h3 Bxf3 7. Qxf3 e6 8. Qd1
d5 9. e5 h5 10. Qd2 a6 11. Be2 c5 12. dxc5 Bxe5 13. Na4 Nc6 14. Bf3 Qc7 15. c3
Nge7 16. O-O Nf5 17. b4 Rd8 18. Rad1 O-O 19. a3 Nxe3 20. Qxe3 Bf4 21. Qe2 h4 22.
Nb2 Qe7 23. Nd3 Bb8 24. Rfe1 Qc7 25. g3 hxg3 26. fxg3 Qxg3+ 27. Qg2 Qh4 28. Rf1
Kg7 29. Qg4 Rh8 30. Kg2 Qxg4+ 31. Bxg4 f5 32. Be2 e5 33. a4 e4 34. Nf4 Bxf4 35.
Rxf4 Kf6 36. Bf1 d4 37. b5 axb5 38. axb5 dxc3 39. Rc1 Rd2+ 0-1

[Event "TCh-TUR Super League 2014"]
[Site "Kocaeli TUR"]
[Date "2014.08.23"]
[Round "7.3"]
[Board "8"]
[White "Cemhan, Kardelen"]
[Black "Sahin, Handenur"]
[Result "1-0"]
[WhiteTitle "WCM"]
[WhiteElo "2019"]
[BlackElo "1821"]
[WhiteTeam "Kahramanmaras Buyuksehir Belediyesi Spor Kulubu"]
[BlackTeam "Ankara Demirspor Kulubu"]
[WhiteFideId "6325670"]
[BlackFideId "6334865"]
[EventDate "2014.08.18"]

1. e4 Nf6 2. e5 Nd5 3. d4 d6 4. c4 Nb6 5. exd6 exd6 6. Nc3 Nc6 7. Be3 Be7 8. Nf3
Bg4 9. h3 Bh5 10. g4 Bg6 11. b3 d5 12. c5 Nc8 13. Be2 h6 14. Qd2 Bf6 15. O-O-O
Nb4 16. Ne1 c6 17. f4 a5 18. f5 Bh7 19. Nd3 Nxd3+ 20. Bxd3 b5 21. Rde1 O-O 22.
Bf2 a4 23. b4 Bg5 24. Be3 Bh4 25. Reg1 Re8 26. Bf4 Ra7 27. g5 hxg5 28. Bxg5 Bxg5
29. Rxg5 f6 30. Rg2 Qe7 31. Rg3 Qd7 32. Qf4 Re7 33. Ne2 Qe8 34. Qg4 a3 35. Rd1
Kf8 36. Nf4 Bg8 37. Ng6+ Kf7 38. Nxe7 Qxe7 39. Qxg7+ 1-0

[Event "TCh-TUR Super League 2014"]
[Site "Kocaeli TUR"]
[Date "2014.08.23"]
[Round "7.3"]
[Board "9"]
[White "Erdem, Atakan"]
[Black "Yaran, Siar"]
[Result "0-1"]
[BlackTitle "CM"]
[WhiteElo "1862"]
[BlackElo "2041"]
[WhiteTeam "Ankara Demirspor Kulubu"]
[BlackTeam "Kahramanmaras Buyuksehir Belediyesi Spor Kulubu"]
[WhiteFideId "6328881"]
[BlackFideId "6323006"]
[EventDate "2014.08.18"]

1. d4 Nf6 2. Nf3 c5 3. e3 e6 4. c4 d5 5. Nc3 Nc6 6. a3 a6 7. dxc5 Bxc5 8. b4 Bd6
9. cxd5 exd5 10. Bb2 O-O 11. Be2 Bg4 12. O-O Rc8 13. Nd4 Bxe2 14. Ncxe2 Ne5 15.
Nf5 Bb8 16. Neg3 Qd7 17. f4 Ng6 18. Nxg7 Rc6 19. N7f5 Re8 20. h4 Ba7 21. h5 Rxe3
22. Kh1 Ne4 23. Nxe3 Nxg3+ 24. Kh2 Nxf1+ 25. Nxf1 Nxf4 26. Qf3 Qf5 27. Ng3 Qg5
28. Nf5 Qxf5 29. Qg3+ Rg6 30. hxg6 Qh5+ 0-1

[Event "TCh-TUR Super League 2014"]
[Site "Kocaeli TUR"]
[Date "2014.08.23"]
[Round "7.3"]
[Board "10"]
[White "Dogan, Sevval"]
[Black "Kose, Ulya"]
[Result "1-0"]
[WhiteElo "1651"]
[BlackElo "1512"]
[WhiteTeam "Kahramanmaras Buyuksehir Belediyesi Spor Kulubu"]
[BlackTeam "Ankara Demirspor Kulubu"]
[WhiteFideId "6322565"]
[BlackFideId "6372813"]
[EventDate "2014.08.18"]

1. e4 e5 2. Nf3 Nc6 3. Bb5 a6 4. Ba4 Nf6 5. O-O Be7 6. Re1 d6 7. c3 O-O 8. h3 b5
9. Bc2 Bb7 10. d4 Re8 11. dxe5 Nxe5 12. Nxe5 dxe5 13. Qe2 c5 14. Nd2 Qb6 15. Nf1
Bf8 16. Bg5 g6 17. Rad1 Bg7 18. Bxf6 Qxf6 19. Ne3 Rad8 20. c4 b4 21. Nd5 Bxd5
22. cxd5 Rd6 23. Ba4 Rc8 24. Bc6 Qd8 25. Rc1 Qa5 26. Qc4 Bf8 27. Re2 Rf6 28. b3
Rf4 29. Bb7 Rb8 30. Qxa6 Qc7 31. Bc6 Rb6 32. Qd3 Qd8 33. Qc2 Qg5 34. Kh1 Rh4 35.
Kh2 Qg4 36. f3 Qh5 37. Bd7 Ra6 38. g3 Qxf3 39. Rf2 Qe3 40. gxh4 Bh6 41. Rcf1
Bf4+ 42. Kh1 f5 43. Rf3 Qxe4 44. Qxe4 fxe4 45. R3f2 Kg7 46. Rxf4 exf4 47. Rxf4
Rxa2 48. Rxe4 Rd2 49. Be6 Rd3 50. Rc4 Rxb3 51. Rxc5 Rc3 52. Rb5 b3 53. d6 Rc1+
54. Kg2 Rc2+ 55. Kg3 b2 56. d7 Rd2 57. Rxb2 Rd6 58. Rb8 Kf6 59. d8=Q+ Rxd8 60.
Rxd8 Kxe6 61. Rh8 h5 62. Kf4 Kf6 63. Rc8 Kf7 64. Rc6 Kg7 65. Kg5 Kf8 66. Kxg6
Ke8 67. Rc7 Kd8 68. Rh7 Kc8 69. Kf6 Kb8 70. Ke6 Kc8 71. Kd6 Kb8 72. Kc6 1-0

[Event "TCh-TUR Super League 2014"]
[Site "Kocaeli TUR"]
[Date "2014.08.23"]
[Round "7.4"]
[Board "2"]
[White "Amonatov, Farrukh"]
[Black "Fedoseev, Vladimir3"]
[Result "1/2-1/2"]
[WhiteTitle "GM"]
[BlackTitle "GM"]
[WhiteElo "2590"]
[BlackElo "2672"]
[WhiteTeam "Hatay Buyuksehir Belediye Genclik VE Spor Kulubu"]
[BlackTeam "Besiktas Jimnastik Kulubu"]
[WhiteFideId "14700077"]
[BlackFideId "24130737"]
[EventDate "2014.08.18"]

1. e4 c6 2. d4 d5 3. e5 Bf5 4. h4 h5 5. c4 e6 6. Nc3 Ne7 7. Nge2 dxc4 8. Ng3 b5
9. a4 b4 10. Nce4 Bxe4 11. Nxe4 Nf5 12. Be3 Qd5 13. Ng3 Nxg3 14. fxg3 Nd7 15.
Qc2 c3 16. bxc3 b3 17. Qb2 f6 18. Be2 Qe4 19. Kd2 Nb6 20. Qxb3 Nd5 21. Bf4 Bb4
22. cxb4 Qxd4+ 23. Qd3 Qb2+ 24. Qc2 Qd4+ 25. Qd3 Qb2+ 26. Qc2 Qd4+ 27. Qd3 1/2-1/2